Power system operation and control

Bibliographic Details
Main Author: Rampriya, B
Format: Book
Published: New Delhi : Anuradha Publications , 2007
Subjects:

MARC

LEADER 00000cam a2200000 7i4500
001 0000039057
005 20131205.0
008 131205
020 |a 8189638971 
090 0 0 |a 621.31   |b RAM 
100 1 |a Rampriya, B 
245 1 0 |a Power system operation and control   |c B. Rampriya, R. Sivasangari & S. Muralidharan 
260 |a New Delhi :   |b Anuradha Publications ,   |c 2007 
650 0 |a Electric power system 
999 |a 0001257167   |b Book   |c Adult Collection   |e Perbadanan Perpustakaan Awam Johor